| 000 | 00478nam a2200181 4500 | ||
|---|---|---|---|
| 001 | 4689 | ||
| 005 | 20230410130713.0 | ||
| 008 | 060907n1998 dr spa | ||
| 020 | _a0028621905 | ||
| 035 | _9funglode4728 | ||
| 041 | _aEN | ||
| 050 | 1 | 4 | _aPN 4775 S729h 1998 |
| 100 | _aSova, Dawn B. | ||
| 245 | 1 |
_aHow to write articles for newspapers and magazines / _cDawn B. Sova |
|
| 260 |
_aLawrenceville : _bThomson, _c1998 |
||
| 300 | _a119 p. | ||
| 942 |
_2lcc _cbk |
||
| 999 |
_c78858 _d78858 |
||